000 01266cam a2200313 i 4500
001 24500
003 Mx-PuUPA
005 20240208122811.0
008 140415s1967 mx a fr 000 0 spa d
040 _aMx-PuUPA
_bspa
_cMx-PuUPA
_dMx-PuUPA
_erda
041 0 _aspa
100 1 _aDurán, Diego,
_d-1588?
_914114
_eautor
245 1 0 _aHistoria de las Indias de Nueva España :
_by Islas de tierra firme /
_cpor El Padre Fray Diego Duran
246 3 _aHistoria de las Indias de Nueva España y Islas de tierra firme :
_batlas
264 1 _aMéxico, D. F. :
_bEditora Nacional,
_c1967
300 _a1 volumen (sin paginación), láminas :
_bilustraciones (en blanco y negro) ;
_c23 cm
336 _2rdacontent
_atexto
_btxt
336 _2rdacontent
_aimagen fija
_bsti
337 _2rdamedia
_asin medio
_bn
338 _2rdacarrier
_avolumen
_bnc
500 _a"Religioso de la Órden de Predicadores (escritor del siglo XVI)". -- Portada
650 7 _2armarc
_aAztecas
_xHistoria
650 7 _2armarc
_aÍndigenas de México
_xReligión y mitología
650 7 _2armarc
_aMitlogía azteca
651 4 _aMéxico
_xHistoria
_xConquista, 1519 - 1540
_vFuentes
942 _2ddc
_cLI
_h972.02
_iD9475
999 _c24500
_d24500